| 000 | 01784nam a2200433 c 4500 | ||
|---|---|---|---|
| 001 | 53598 | ||
| 003 | ES-MaCES | ||
| 005 | 20250225141646.0 | ||
| 007 | cr ||||||||||| | ||
| 008 | 250224s2024 sp r 000 | spa d | ||
| 040 |
_aES-MaCES _bspa _cES-MaCES |
||
| 245 | 0 | 0 |
_aDiseccionando el Informe Draghi _hRecurso electrónico _cReal Instituto Elcano ; coords., Miguel Otero Igesias, Paula Olvier Llorente ; autores, Judit Arnal ... [et al.] |
| 260 |
_aMadrid _bReal Instituto Elcano _c2024 |
||
| 300 |
_a1 documento pdf _c(2,28 mb) |
||
| 541 | _cGratuito | ||
| 650 | 4 |
_acompetitividad _928270 |
|
| 650 | 4 |
_aMercado Unico Europeo _930652 |
|
| 650 | 4 |
_apolítica económica _927025 |
|
| 650 | 4 |
_aestrategia empresarial _930601 |
|
| 650 | 4 |
_apolítica industrial _927627 |
|
| 650 | 4 |
_acambio tecnológico _928236 |
|
| 650 | 4 |
_apolítica energética _929399 |
|
| 650 | 4 |
_acambio climático _930961 |
|
| 650 | 4 |
_apolítica de defensa _926692 |
|
| 650 | 4 |
_apolítica comunitaria _930776 |
|
| 650 | 4 |
_aUE _926752 |
|
| 650 | 4 |
_ainforme _928986 |
|
| 650 | 4 |
_acomentario _928971 |
|
| 653 | 1 | 0 | _aEconomía |
| 700 | 1 |
_aOtero Igesias, Miguel _941309 _ecol. |
|
| 700 | 1 |
_aOlvier Llorente, Paula _941310 _ecol. |
|
| 700 | 1 |
_aArnal Martínez, Judith _936502 |
|
| 710 | 2 |
_aReal Instituto Elcano de Estudios Internacionales y Estratégicos _eed. _94872 |
|
| 787 | 0 |
_tThe Draghi Report , The future of European competitiveness, Part A : competitiveness strategy for Europe _w(ES-MaCES)53577 |
|
| 787 | 0 |
_tThe Draghi Report, The future of European competitiveness,Part B : In-depth analysis and recommendations _w(ES-MaCES)53578 |
|
| 856 | 4 |
_uhttp://biblioteca.ces.es/repintra/B53598.pdf _ytexto completo _z[intranet] |
|
| 902 | _aELE PUB. ELECTRONICA | ||
| 942 |
_2CES _cBK _h0.0. |
||
| 999 |
_c53598 _d53598 |
||